000 00584nam a2200169Ia 4500
003 GCL
008 140319s9999 xx 000 0 ara d
040 _aGCL /
_cGCL
082 0 4 _a813.009
_bع ح
100 1 _aعبدالفتاح كيليطو
245 1 0 _aالحكاية والتأويل:دراسات فى الرد العربى /
_cعبدالفتاح كيليطو
260 _a[S.N] :
_bدار توبقال للنشر ،
_c1988
490 _aسلسلة المعرفة الادبية
_v0
650 0 4 _aالقصص العربية
650 0 4 _aتاريخ ونقد
942 _2ddc
_cBK
999 _c55302
_d55302